Frida Kahlo 1907-1954: dolor y pasión /

Frida Kahlo fue unida al grupo de los surrealistas de los que siempre renegó. Su obra es única porque expresa el tormento interior de un cuerpo dolorido.

Бібліографічні деталі
Автор: Kettenmann, Andrea. 1959- (autor)
Формат: Книга
Мова:Spanish
Опубліковано: Colonia: Editorial Benedikt Taschen, 1992.
Редагування:Primera edición en español.
Предмети:

MARC

LEADER 00000cam a2200000 i 4500
003 Ucuenca
005 20240129155856.0
006 a||||fr|||| 001 0
007 ta
008 016031s1992 mx aaaafr|||| 001|| spa|a
020 |a 3-8228-0680-3 
040 |b spa  |a UCuenca-cdrjbv  |c UCuenca  |e rda 
041 0 |a spa 
082 0 |a 709.2  |2 22  |c 251283 
100 1 |a Kettenmann, Andrea.  |d 1959-  |e autor  |9 94446 
240 |l German 
245 1 0 |a Frida Kahlo 1907-1954:   |b dolor y pasión /   |c Andrea Kettenmann, traducción de María Ordóñez-Rey, Kiel. 
250 |a Primera edición en español. 
264 1 |a Colonia:   |b Editorial Benedikt Taschen,   |c 1992. 
300 |a 90 páginas:   |b ilu  |c 30 cm 
336 |2 rdacontent  |a texto  |b txt 
337 |2 rdamedia  |a no mediado  |b n 
338 |2 rdacarrier  |a volumen  |b nc 
505 1 |a Frida la coja: una muchacha rebelde -- La grácil paloma y la rana gorda -- Una pintora mexicana en "Gringolandia" -- Desesperación y éxito -- Los cirujanos "jijos de su... recién casada mamá" -- "Alegremente espero la partida..." -- Frida Kahlo 1907-1954 datos de su vida -- Leyendas de las láminas. 
520 3 |a Frida Kahlo fue unida al grupo de los surrealistas de los que siempre renegó. Su obra es única porque expresa el tormento interior de un cuerpo dolorido. 
650 1 7 |a Biografía  |9 242  |2 UCuenca-cdrjbv 
650 1 7 |a Pintura  |9 1426  |2 UCuenca-cdrjbv 
650 1 7 |a Pintura mexicana  |9 11464  |2 UCuenca-cdrjbv 
653 |a LAS ARTES, BELLAS ARTES 
852 |a UC-YANUNCAY 
856 |a http://sibuc.ucuenca.edu.ec/portada/si4186-yan.jpg 
942 |c BK  |0 1  |2 ddc  |e 22  |r jessicap.torres@ucuenca.edu.ec 
999 |c 74607  |d 74607